A Quantum City : Mastering the Generic /

Gespeichert in:
Bibliographische Detailangaben
Weitere Verfasser: Bühlmann, Vera (Herausgegeben von), Hovestadt, Ludger (Herausgegeben von)
Format: E-Book
Sprache:Englisch
Veröffentlicht: Basel / Berlin / Boston : Birkhäuser, 2015
Schriftenreihe:Applied Virtuality Book Series; 10.
Schlagworte:
Tags: Tag hinzufügen
Keine Tags, Fügen Sie das erste Tag hinzu!

MARC

LEADER 00000nam a2200000 i 4500
001 0028556
003 SK-STU
005 20240513154120.0
006 m|||||||||||||||||
007 cr |n||||||||n
008 151005s2015||||||||||||o|||||||||||eng||
020 |a 978-3-0356-0626-3 
040 |a IN-ChSCO  |b eng  |c IN-ChSCO 
041 0 |a eng 
044 |a sz  |a gw  |a xxu 
245 0 2 |a A Quantum City :  |b Mastering the Generic /  |c ed. Ludger Hovestadt, Vera Bühlmann. 
260 |a Basel / Berlin / Boston :  |b Birkhäuser,  |c 2015 
300 |a 822 s. 
490 0 |a Applied Virtuality Book Series;  |v 10 
504 |a 1500 farb. obr. 
541 |a Projekt č. 16-613-03703 - Fond na podporu umenia 
545 |a Prof. Dr. Ludger Hovestadt, CAAD Department, ETH Zurich Dr. Vera Bühlmann, CAAD Department, ETH Zurich. 
650 0 |a Density 
650 0 |a Engineering 
650 0 |a Quantum mechanics 
650 4 |a Architecture 
650 0 0 |a vývoj mesta  |7 unknown*stus17085 
650 4 |a Theory 
650 0 0 |a mestský urbanizmus  |7 unknown*stus25526 
650 0 0 |a územné plánovanie  |7 unknown*stus17014 
650 0 0 |a urbanism  |7 unknown*stus20164 
700 1 |a Bühlmann, Vera  |e editor 
700 1 |a Hovestadt, Ludger  |e editor 
830 0 |a Applied Virtuality Book Series;  |v 10. 
856 4 2 |3 Cover 
996 |b 284AU07157  |c A* 10387/U  |l AA2120  |s P  |a 0  |w 0028556_0001